00482nam a2200193Ia 4500003000400000005001700004008004100021020002200062040000700084041001200091082001500103100001600118245004100134250000600175260004400181300003100225365001600256650001600272OSt20251212185324.0210423s2010 xx 000 0 und d a978-0-19-924635-9 cAL aEnglish a414 bCATP aCatford J C aPractical introduction to phonetics  a2 aNew YorkbOxford University Pressc2010 axiii,229P.bPBc24.5x17cm. b2236.8cGBP aLinguistics